[Event "Villa Diamante op"]
[Site "Villa Diamante"]
[Date "2015.08.16"]
[Round "5"]
[White "Forni, Carlos Guillermo"]
[Black "Cappadona, Juan Pablo"]
[Result "1/2-1/2"]
[WhiteElo "1826"]
[BlackElo "1735"]
[PlyCount "48"]
[EventDate "2015.08.14"]
[EventType "swiss"]
[EventRounds "7"]
[EventCountry "ARG"]
[SourceTitle "EXT 2016"]
[Source "ChessBase"]
[SourceDate "2015.10.08"]
[SourceVersion "1"]
[SourceVersionDate "2015.10.08"]
[SourceQuality "1"]

1. d4 e6 2. c4 f5 3. g3 d5 4. Bg2 Nf6 5. Nc3 c6 6. cxd5 exd5 7. Bg5 Be7 8. Nf3 0-0 9. 0-0 Na6 10. a3 Nc7 11. Ne5 Ne6 12. Bxf6 gxf6 13. Nf3 Qe8 14. e3 Qh5 15. Nh4 Qxd1 16. Rfxd1 Ng7 17. Ne2 a5 18. Nf4 Bd6 19. Rac1 Bxf4 20. gxf4 Ne8 21. Bh3 Nd6 22. Kh1 Kh8 23. Rg1 Rg8 24. Rxg8+ Kxg8 1/2-1/2